[Event "Al-Ain Classic Open A 2013"]
[Site "Al-Ain UAE"]
[Date "2013.12.22"]
[Round "4.40"]
[White "Dauletova, Gulmira"]
[Black "Bakalar, Jan"]
[Result "1-0"]
[WhiteTitle "WIM"]
[WhiteElo "2214"]
[BlackElo "2033"]
[WhiteFideId "13702971"]
[BlackFideId "14901978"]
[EventDate "2013.12.19"]

1. e4 c5 2. Nf3 e6 3. d4 cxd4 4. Nxd4 a6 5. Bd3 Qc7 6. O-O Nf6 7. Qe2 d6 8. c4
g6 9. Nc3 Bg7 10. Rd1 O-O 11. Be3 Nc6 12. Rac1 Nxd4 13. Bxd4 e5 14. Be3 Be6 15.
f3 Rac8 16. Qf2 Nd7 17. b3 Kh8 18. Bf1 Nf6 19. Nd5 Nxd5 20. exd5 Bd7 21. b4 f5
22. Bb6 1-0

[Event "Al-Ain Classic Open A 2013"]
[Site "Al-Ain UAE"]
[Date "2013.12.22"]
[Round "4.41"]
[White "Dahdal, Lougain"]
[Black "Ayyad, Husain"]
[Result "1-0"]
[WhiteTitle "WIM"]
[BlackTitle "FM"]
[WhiteElo "2002"]
[BlackElo "2191"]
[WhiteFideId "8102880"]
[BlackFideId "11200243"]
[EventDate "2013.12.19"]

1. d4 Nf6 2. c4 e6 3. Nc3 Bb4 4. e3 O-O 5. Bd3 c5 6. Nf3 d5 7. O-O b6 8. cxd5
exd5 9. Ne5 Bb7 10. Bd2 c4 11. Bc2 Nc6 12. f4 Bxc3 13. bxc3 Re8 14. Rf3 Ne7 15.
Rh3 Qc7 16. Bxh7+ Kf8 17. Bc2 g6 18. Be1 Bc8 19. g4 1-0

[Event "Al-Ain Classic Open A 2013"]
[Site "Al-Ain UAE"]
[Date "2013.12.22"]
[Round "4.43"]
[White "Tuvsanaa, Nyamaa"]
[Black "Abdulkarim, Ali"]
[Result "1/2-1/2"]
[WhiteTitle "FM"]
[WhiteElo "2162"]
[BlackElo "1944"]
[WhiteFideId "4900413"]
[BlackFideId "9301640"]
[EventDate "2013.12.19"]

1. d4 Nf6 2. c4 e6 3. Nf3 b6 4. g3 Bb7 5. Bg2 Bb4+ 6. Bd2 Bxd2+ 7. Qxd2 d6 8.
O-O Qe7 9. Nc3 O-O 10. Qc2 Nbd7 11. Rfe1 e5 12. e3 Rfe8 13. Nxe5 Bxg2 14. Nxd7
Bf3 15. Nxf6+ Qxf6 16. Qd3 g5 17. e4 g4 18. Re3 c5 19. Nd5 Qxd4 20. Nc7 Qxb2 21.
Rae1 Qe5 22. Nxa8 Rxa8 23. Qd5 1/2-1/2

[Event "Al-Ain Classic Open A 2013"]
[Site "Al-Ain UAE"]
[Date "2013.12.22"]
[Round "4.45"]
[White "Mukhin, Alexey"]
[Black "Sameir, Ramez"]
[Result "1/2-1/2"]
[WhiteElo "2188"]
[BlackElo "2070"]
[WhiteFideId "4180011"]
[BlackFideId "10606017"]
[EventDate "2013.12.19"]

1. c4 e6 2. Nf3 Nf6 3. g3 d5 4. d4 c6 5. Qc2 Nbd7 6. Bg2 Bd6 7. O-O O-O 8. Rd1
Qe7 9. Nc3 dxc4 10. e4 e5 11. Be3 Ng4 12. Bg5 f6 13. Bc1 exd4 14. Nxd4 Nc5 15.
Nce2 Kh8 16. h3 Ne5 17. Be3 Bd7 18. Rab1 b5 19. b3 cxb3 20. axb3 Rfc8 21. f4 Nf7
22. Bf2 a5 23. Nf5 Bxf5 24. exf5 Na6 25. Nd4 Nb4 26. Qc3 Bc5 27. Re1 Qa7 28.
Rbc1 Na6 29. Qb2 Nb4 30. Qc3 Na6 31. Qb2 Nb4 32. Qc3 1/2-1/2

[Event "Al-Ain Classic Open A 2013"]
[Site "Al-Ain UAE"]
[Date "2013.12.22"]
[Round "4.46"]
[White "Gator, Mosab"]
[Black "Seddaoui, Yamine"]
[Result "1/2-1/2"]
[WhiteTitle "FM"]
[WhiteElo "2120"]
[BlackElo "2051"]
[WhiteFideId "1312383"]
[BlackFideId "7902026"]
[EventDate "2013.12.19"]

1. e4 e5 2. Nc3 Nc6 3. g3 Nf6 4. Bg2 Bb4 5. Nge2 O-O 6. O-O d6 7. d3 h6 8. h3
Bc5 9. Kh2 Nh7 10. Be3 Bxe3 11. fxe3 Ne7 12. g4 Ng6 13. Ng3 Nh4 14. Bh1 c6 15.
Qe1 Kh8 16. Nf5 Nxf5 17. exf5 g5 18. fxg6 fxg6 19. Rxf8+ Qxf8 20. Qg3 Qe7 21.
Rf1 Bd7 22. Ne4 g5 23. Nd2 Rf8 24. Kg1 Qg7 1/2-1/2

[Event "Al-Ain Classic Open A 2013"]
[Site "Al-Ain UAE"]
[Date "2013.12.22"]
[Round "4.47"]
[White "Kalinina, Larisa"]
[Black "Alahakoon, Isuru"]
[Result "1-0"]
[WhiteTitle "WIM"]
[WhiteElo "2155"]
[BlackElo "2067"]
[WhiteFideId "14106361"]
[BlackFideId "9900993"]
[EventDate "2013.12.19"]

1. e4 c5 2. Nf3 d6 3. d4 cxd4 4. Nxd4 Nf6 5. Nc3 a6 6. f4 g6 7. Nf3 Qb6 8. Bd3
Bg7 9. Qe2 Nc6 10. Bd2 O-O 11. O-O-O Bd7 12. h3 Rac8 13. e5 Nh5 14. Qe1 Nd4 15.
Be3 dxe5 16. fxe5 Rxc3 17. bxc3 Qa5 18. Bxd4 1-0

[Event "Al-Ain Classic Open A 2013"]
[Site "Al-Ain UAE"]
[Date "2013.12.22"]
[Round "4.48"]
[White "Laabi Chian, Majid"]
[Black "Kameswara Rao, Vempati"]
[Result "0-1"]
[WhiteElo "2092"]
[BlackElo "2073"]
[WhiteFideId "12500224"]
[BlackFideId "5049059"]
[EventDate "2013.12.19"]

1. d4 Nf6 2. Nf3 g6 3. c4 c5 4. d5 b5 5. cxb5 a6 6. b6 d6 7. Nc3 Bg7 8. e4 O-O
9. a4 Qxb6 10. Nd2 Nbd7 11. a5 Qa7 12. Nc4 Ne8 13. Be2 Nc7 14. O-O Nb5 15. Bg5
Re8 16. Qd2 Nd4 17. Rab1 Rb8 18. Kh1 Nb3 19. Qe1 Qc7 20. f4 Nxa5 21. Nxa5 Qxa5
22. Qd2 Qb4 23. Qc2 Nf8 24. Bh4 Qb3 25. Qc1 a5 26. Bd3 Bd7 27. Bg3 Rb7 28. e5
Reb8 29. Bc2 Qc4 30. Re1 Qa6 31. Nd1 a4 32. Ra1 Qc4 33. Qd2 Qb4 34. Qf2 Qc4 35.
Qd2 Qd4 36. Qe2 Rb4 37. exd6 exd6 38. f5 Re8 39. Qf1 Rxe1 40. Bxe1 Qf4 41. Qf3
Qxf3 42. gxf3 Rd4 43. Bc3 Rf4 44. Bxg7 Kxg7 45. fxg6 hxg6 46. Kg2 Rd4 47. Ne3 f5
48. f4 Rxf4 49. Rd1 Rb4 50. Bd3 Rxb2+ 51. Kf3 Rb3 0-1

[Event "Al-Ain Classic Open A 2013"]
[Site "Al-Ain UAE"]
[Date "2013.12.23"]
[Round "5.1"]
[White "Amin, Bassem"]
[Black "Jobava, Baadur"]
[Result "1/2-1/2"]
[WhiteTitle "GM"]
[BlackTitle "GM"]
[WhiteElo "2654"]
[BlackElo "2705"]
[WhiteFideId "10601457"]
[BlackFideId "13601520"]
[EventDate "2013.12.19"]

1. e4 e5 2. Nf3 d6 3. d4 Nf6 4. Nc3 Nbd7 5. Be2 Be7 6. g4 O-O 7. g5 Ne8 8. h4 c6
9. a4 Nc7 10. Be3 a6 11. a5 Nb5 12. Qd2 Re8 13. Nxb5 axb5 14. h5 exd4 15. Nxd4
Nc5 16. f3 d5 17. b4 Ne6 18. Nxe6 Bxe6 19. e5 d4 20. Bxd4 Bxg5 21. f4 Bh4+ 22.
Kf1 f6 23. Qc3 fxe5 24. Bxe5 Rf8 25. Rd1 Qg5 26. Qf3 Qg3 27. Qxg3 Bxg3 28. Rd4
Rad8 29. Rxd8 Rxd8 30. Bd3 Re8 31. h6 Bxf4 32. Bxf4 Rf8 33. Rh4 g5 34. Rh5 Rxf4+
35. Ke1 Rg4 36. Be2 Rxb4 37. Rxg5+ Kf7 38. Rg7+ Kf6 39. Rxh7 Ra4 40. Rxb7 Rxa5
41. h7 Ra8 42. Bd3 Bf5 43. Bxf5 Kxf5 44. Kd2 Rh8 45. Rc7 Ke4 46. Kc3 c5 47. Re7+
Kf3 48. Rb7 Ke2 49. Rxb5 Rxh7 50. Rxc5 Kd1 51. Rc8 Kc1 52. Kb4 Rb7+ 53. Ka5 Kd2
54. c4 Kc3 55. c5 1/2-1/2

[Event "Al-Ain Classic Open A 2013"]
[Site "Al-Ain UAE"]
[Date "2013.12.23"]
[Round "5.2"]
[White "Mammadov, Zaur"]
[Black "Oleksienko, Mikhailo"]
[Result "0-1"]
[WhiteTitle "IM"]
[BlackTitle "GM"]
[WhiteElo "2423"]
[BlackElo "2622"]
[WhiteFideId "13401033"]
[BlackFideId "4152417"]
[EventDate "2013.12.19"]

1. e4 c6 2. Nf3 d5 3. Nc3 g6 4. d4 Bg7 5. h3 dxe4 6. Nxe4 Nd7 7. Bd3 Ngf6 8.
Nxf6+ Nxf6 9. O-O O-O 10. Re1 a5 11. Bf4 Nd5 12. Be5 Bh6 13. c3 a4 14. a3 Be6
15. Re4 Nf6 16. Rh4 Bg7 17. Bf4 Ra5 18. Ne5 c5 19. dxc5 Rxc5 20. Bh2 Bb3 21. Qf3
Rd5 22. Re1 Nd7 23. Nc4 Nc5 24. Bf1 Nd3 25. Bxd3 Rxd3 26. Ne3 Rd2 27. Re2 Rd1+
28. Nf1 Rb1 29. Re3 b5 30. Qe2 Bf6 31. Rb4 Bc4 32. Rxc4 bxc4 33. Qxc4 Qd1 34.
Be5 Rd8 35. Bxf6 exf6 36. g3 Qb3 37. Qc5 Kg7 38. Kg2 Qb7+ 0-1

[Event "Al-Ain Classic Open A 2013"]
[Site "Al-Ain UAE"]
[Date "2013.12.23"]
[Round "5.3"]
[White "Vovk, Andrey"]
[Black "Durarbayli, Vasif"]
[Result "1/2-1/2"]
[WhiteTitle "GM"]
[BlackTitle "GM"]
[WhiteElo "2599"]
[BlackElo "2559"]
[WhiteFideId "14114470"]
[BlackFideId "13402935"]
[EventDate "2013.12.19"]

1. e4 e5 2. Nf3 Nc6 3. Bc4 Bc5 4. c3 Nf6 5. d3 O-O 6. O-O d6 7. h3 a6 8. Bb3 h6
9. Re1 Re8 10. Nbd2 Be6 11. Nf1 d5 12. exd5 Bxd5 13. Be3 Bf8 14. Ng3 Bxb3 15.
axb3 a5 16. Qc2 Qd7 17. Rad1 Rad8 18. Bc1 Bc5 19. Ne4 Nxe4 20. dxe4 Qe6 21. Rxd8
Rxd8 1/2-1/2

[Event "Al-Ain Classic Open A 2013"]
[Site "Al-Ain UAE"]
[Date "2013.12.23"]
[Round "5.4"]
[White "Mirzoev, Azer"]
[Black "Ipatov, Alexander"]
[Result "1/2-1/2"]
[WhiteTitle "GM"]
[BlackTitle "GM"]
[WhiteElo "2518"]
[BlackElo "2635"]
[WhiteFideId "13400304"]
[BlackFideId "14116731"]
[EventDate "2013.12.19"]

1. d4 g6 2. e4 Bg7 3. c3 d6 4. Nf3 Nd7 5. Bd3 e5 6. O-O Ngf6 7. dxe5 Nxe5 8.
Nxe5 dxe5 9. Bb5+ c6 10. Qxd8+ Kxd8 11. Bc4 Ke7 12. f3 Be6 13. Bxe6 Kxe6 14. Be3
Rhd8 15. Na3 b5 16. Nc2 a5 17. Rfd1 Rxd1+ 18. Rxd1 Bf8 19. Kf1 Ne8 20. Ke2 Nd6
21. Bc5 Nc4 22. Bxf8 Rxf8 23. b3 Nd6 24. Ne1 Rc8 25. g4 c5 26. Rd5 c4 27. bxc4
Rxc4 28. Nd3 Rxc3 29. Nc5+ Ke7 30. Rxe5+ Kd8 31. Rd5 Kc7 32. Na6+ Kc6 33. Nb8+
Kb7 34. Rxd6 Kxb8 35. Rb6+ Kc7 36. Rxb5 Rc2+ 37. Ke3 Rxa2 38. h4 a4 39. Ra5 Kb6
40. Ra8 Kb5 41. Rb8+ Kc4 42. Rc8+ Kb3 43. Rb8+ Kc2 44. Rc8+ Kd1 45. Ra8 Ke1 46.
Ra7 Ra3+ 47. Kf4 Kf2 48. Kg5 Rxf3 49. Rxa4 f6+ 50. Kh6 Rf4 51. Kxh7 Rxg4 52. Ra6
Rxh4+ 1/2-1/2

[Event "Al-Ain Classic Open A 2013"]
[Site "Al-Ain UAE"]
[Date "2013.12.23"]
[Round "5.5"]
[White "Miroshnichenko, Evgenij"]
[Black "Barsov, Alexei"]
[Result "1-0"]
[WhiteTitle "GM"]
[BlackTitle "GM"]
[WhiteElo "2626"]
[BlackElo "2527"]
[WhiteFideId "14102595"]
[BlackFideId "14200082"]
[EventDate "2013.12.19"]

1. g3 d5 2. Bg2 e5 3. d3 g6 4. c4 d4 5. Nf3 Bg7 6. b4 Ne7 7. Nbd2 a5 8. b5 c5 9.
bxc6 Nexc6 10. O-O O-O 11. Ne1 Na6 12. Nc2 Bg4 13. Rb1 Qd7 14. Ba3 Rfb8 15. Ne4
b6 16. Qd2 Bh3 17. Bxh3 Qxh3 18. f4 Bh6 19. Bd6 Rb7 20. e3 Nab4 21. exd4 Nxc2
22. Qxc2 exf4 23. Bxf4 Nxd4 24. Nf6+ Kh8 25. Qb2 Rd8 26. Rbe1 Bg7 27. Be5 Ne6
28. d4 Nf8 29. d5 Qc8 30. Nh5 f6 31. Nxf6 Qxc4 32. Ne8 Qc5+ 33. Rf2 Ne6 34. dxe6
Rxe8 35. e7 1-0

[Event "Al-Ain Classic Open A 2013"]
[Site "Al-Ain UAE"]
[Date "2013.12.23"]
[Round "5.6"]
[White "Kravtsiv, Martyn"]
[Black "Batchuluun, Tsegmed"]
[Result "1-0"]
[WhiteTitle "GM"]
[BlackTitle "GM"]
[WhiteElo "2617"]
[BlackElo "2528"]
[WhiteFideId "14113147"]
[BlackFideId "4900847"]
[EventDate "2013.12.19"]

1. e4 e6 2. d4 d5 3. e5 c5 4. c3 Nc6 5. Nf3 Qb6 6. a3 Bd7 7. b4 cxd4 8. cxd4 Rc8
9. Bb2 Nh6 10. Nc3 Na5 11. Na4 Qc6 12. Nc5 Nc4 13. Bc1 Nf5 14. Bd3 b6 15. Nxd7
Qxd7 16. h4 h6 17. h5 Ne7 18. O-O b5 19. Nh4 Nc6 20. Qg4 a5 21. bxa5 Qa7 22. Be3
Qxa5 23. Rfc1 Nd8 24. Bf4 Ra8 25. Nf3 Qb6 26. Rcb1 Ra4 27. Be3 Qa6 28. Ne1 Nc6
29. Bxc4 bxc4 30. Nc2 Ra5 31. f4 Rb5 32. f5 Nd8 33. Rf1 Rb2 34. Nb4 Qc8 35. f6
gxf6 36. Nxd5 f5 37. Nf6+ Ke7 38. d5 exd5 39. Nxd5+ Ke8 40. Nf6+ Ke7 41. Qd4 1-0

[Event "Al-Ain Classic Open A 2013"]
[Site "Al-Ain UAE"]
[Date "2013.12.23"]
[Round "5.7"]
[White "Iordachescu, Viorel"]
[Black "Pourramezanali, Amirreza"]
[Result "1/2-1/2"]
[WhiteTitle "GM"]
[BlackTitle "FM"]
[WhiteElo "2614"]
[BlackElo "2458"]
[WhiteFideId "13900200"]
[BlackFideId "12511412"]
[EventDate "2013.12.19"]

1. c4 Nf6 2. Nc3 e6 3. e4 d5 4. e5 d4 5. exf6 dxc3 6. bxc3 Qxf6 7. Nf3 Nc6 8.
Bd3 Ne5 9. Be4 Nxf3+ 10. Bxf3 Qe5+ 11. Kf1 c5 12. a4 Qc7 13. a5 Rb8 14. h4 Bd6
15. h5 O-O 16. d3 Be5 17. Ra3 Rd8 18. Qe2 b5 19. axb6 Rxb6 20. g3 Ra6 21. Rxa6
Bxa6 22. h6 Qd6 23. Kg2 Bxc3 24. Bg5 Rd7 25. Rb1 Bb4 26. Ra1 Bb7 27. Bxb7 Rxb7
28. Qf3 Qd7 29. Ra6 Bc3 30. Be3 Bd4 31. Bxd4 cxd4 32. Qg4 f5 33. Qf4 Rb1 34. Qf3
Rb7 35. hxg7 Rb8 36. Kh2 Kxg7 37. Qf4 Rb6 38. Qe5+ Kg6 39. Ra5 Rb2 40. Qf4 Qg7
41. Ra6 Re2 42. g4 Qe5 43. Qxe5 Rxe5 44. gxf5+ Kxf5 45. Rxa7 Re2 46. Kg2 Rd2 47.
Rf7+ 1/2-1/2

[Event "Al-Ain Classic Open A 2013"]
[Site "Al-Ain UAE"]
[Date "2013.12.23"]
[Round "5.8"]
[White "Rasulov, Vugar"]
[Black "Gupta, Abhijeet"]
[Result "1-0"]
[WhiteTitle "GM"]
[BlackTitle "GM"]
[WhiteElo "2529"]
[BlackElo "2608"]
[WhiteFideId "13402390"]
[BlackFideId "5010608"]
[EventDate "2013.12.19"]

1. e4 e6 2. d4 d5 3. Nd2 c5 4. Ngf3 cxd4 5. Nxd4 Nf6 6. exd5 Qxd5 7. N4f3 Bc5 8.
Bc4 Qd8 9. O-O O-O 10. Qe2 Nbd7 11. Ne4 Be7 12. Bf4 Nxe4 13. Qxe4 Nf6 14. Qe2
Qb6 15. c3 Bd7 16. Ne5 Rfd8 17. a4 Be8 18. a5 Qc7 19. Bg3 Bd6 20. Rfd1 a6 21.
Rd4 Qe7 22. Bh4 Bxe5 23. Qxe5 Rxd4 24. Qxd4 Bc6 25. Rd1 e5 26. Qe3 h6 27. Re1
Re8 28. Bg3 Qd7 29. Bf1 e4 30. c4 Ng4 31. Qc3 f5 32. h3 Nf6 33. b4 Kh7 34. Be5
Re6 35. Qb2 Qe8 36. Bxf6 Rxf6 37. b5 Bd7 38. Rd1 f4 39. Rd5 Bf5 40. Qe5 Qg6 41.
Rd4 f3 42. Kh2 Qf7 43. g4 Bg6 44. Rd8 e3 45. Qb8 Be4 46. fxe3 Re6 47. h4 Qf6 48.
Kg3 g5 49. hxg5 hxg5 50. Rd7+ Kh6 51. Rd2 Kg7 52. Kf2 Qc3 53. Rd7+ 1-0

[Event "Al-Ain Classic Open A 2013"]
[Site "Al-Ain UAE"]
[Date "2013.12.23"]
[Round "5.9"]
[White "Golizadeh, Asghar"]
[Black "Hovhannisyan, Robert"]
[Result "1-0"]
[WhiteTitle "GM"]
[BlackTitle "GM"]
[WhiteElo "2500"]
[BlackElo "2597"]
[WhiteFideId "12505269"]
[BlackFideId "13302507"]
[EventDate "2013.12.19"]

1. e4 e5 2. Nf3 Nc6 3. Bc4 Bc5 4. c3 Nf6 5. d3 d6 6. O-O h6 7. Bb3 O-O 8. Nbd2
a5 9. a4 Be6 10. Nc4 Ba7 11. Re1 Ng4 12. Ne3 Nxe3 13. Bxe3 Bg4 14. h3 Bh5 15.
Bxa7 Rxa7 16. Re3 Kh8 17. Qd2 Qe7 18. Rae1 Raa8 19. d4 Rae8 20. Qd3 Qf6 21. Qb5
Rb8 22. d5 Ne7 23. Qxa5 c6 24. c4 g5 25. c5 cxd5 26. cxd6 Qxd6 27. exd5 Bxf3 28.
Rxf3 f5 29. Rc3 b6 30. Qa7 Rfc8 31. Rec1 Rc5 32. Rxc5 bxc5 33. Rxc5 Nc8 34. Qa5
Ne7 35. Qc7 Nc8 36. Bc4 Qxc7 37. Rxc7 Nd6 38. b3 e4 39. Rc6 Nxc4 40. bxc4 Kg7
41. d6 Rb1+ 42. Kh2 Rd1 43. c5 f4 44. Rc7+ Kf6 45. Re7 Kg6 46. d7 Kf6 47. Rxe4
Rxd7 48. c6 Rc7 49. Rc4 Ke5 50. h4 Kd5 51. Rc2 g4 52. h5 Kd4 53. a5 Kd3 54. Rc5
Ke2 55. Rc4 Kf1 56. a6 Rf7 57. c7 f3 58. c8=Q 1-0

[Event "Al-Ain Classic Open A 2013"]
[Site "Al-Ain UAE"]
[Date "2013.12.23"]
[Round "5.10"]
[White "Rzayev, Bahruz"]
[Black "Salem, A.R. Saleh"]
[Result "1/2-1/2"]
[WhiteTitle "IM"]
[BlackTitle "GM"]
[WhiteElo "2465"]
[BlackElo "2564"]
[WhiteFideId "13403036"]
[BlackFideId "9301348"]
[EventDate "2013.12.19"]

1. c4 g6 2. Nc3 Bg7 3. d4 Nf6 4. e4 d6 5. g3 O-O 6. Bg2 Nc6 7. Nge2 e5 8. d5 Nd4
9. O-O c5 10. dxc6 bxc6 11. Nxd4 exd4 12. Qxd4 Ng4 13. Qd1 Rb8 14. Qc2 Qf6 15.
Bf4 g5 16. Bc1 Rb4 17. Qd2 Ne5 18. Nd5 cxd5 19. Qxb4 Nf3+ 20. Bxf3 Qxf3 21. Qb3
Qxe4 22. Qe3 Qxc4 23. Qxg5 h6 24. Qh4 Qxh4 25. gxh4 Kh7 26. Kh1 Bf5 27. f3 Be5
28. Be3 d4 29. Bd2 Bd3 30. Rf2 Rb8 31. b3 Kg6 32. Rc1 Rb7 33. Rc8 Kh5 34. Rg2
Re7 35. Kg1 Bf5 36. Rc4 Bh3 37. Rg8 Be6 38. Rc1 Bd5 39. Kf2 Bf6 40. Rg4 d3 41.
Be3 1/2-1/2

[Event "Al-Ain Classic Open A 2013"]
[Site "Al-Ain UAE"]
[Date "2013.12.23"]
[Round "5.12"]
[White "Kveinys, Aloyzas"]
[Black "Hayrapetyan, Hovik"]
[Result "1-0"]
[WhiteTitle "GM"]
[BlackTitle "GM"]
[WhiteElo "2534"]
[BlackElo "2458"]
[WhiteFideId "12800040"]
[BlackFideId "13302639"]
[EventDate "2013.12.19"]

1. c4 e5 2. Nc3 d6 3. g3 g6 4. Bg2 Bg7 5. e4 Nc6 6. Nge2 Nge7 7. d3 O-O 8. O-O
f5 9. Nd5 h6 10. Rb1 g5 11. Nxe7+ Qxe7 12. exf5 Bxf5 13. Nc3 Rae8 14. Be3 Qd7
15. Ne4 Bg4 16. Qd2 Bf3 17. b4 Ne7 18. b5 Ng6 19. Bxf3 Rxf3 20. Qa5 Ref8 21.
Qxa7 Nf4 22. Qxb7 Nh3+ 23. Kh1 Qg4 24. Rbe1 R3f7 25. Nd2 Nxf2+ 26. Bxf2 Rxf2 27.
Qd5+ Kh8 28. Rxf2 Rxf2 29. Qa8+ Kh7 30. Qe4+ Qxe4+ 31. Nxe4 Rxa2 32. g4 Ra3 33.
Rd1 Kg6 34. Kg2 Kf7 35. Kf3 Ke6 36. Ke3 Bf8 37. Rc1 Be7 38. Nc3 Bd8 39. h3 Rb3
40. Nd5 Rb2 41. Rf1 Rh2 42. Rf8 Rxh3+ 43. Ke4 Kd7 44. Rh8 Rh1 45. Ne3 Re1 46.
Rh7+ Ke8 47. Kf3 Rh1 48. Nd5 h5 49. gxh5 Rh4 50. h6 1-0

[Event "Al-Ain Classic Open A 2013"]
[Site "Al-Ain UAE"]
[Date "2013.12.23"]
[Round "5.13"]
[White "Anurag, Mhamal"]
[Black "Pashikian, Arman"]
[Result "0-1"]
[WhiteTitle "IM"]
[BlackTitle "GM"]
[WhiteElo "2416"]
[BlackElo "2617"]
[WhiteFideId "5024366"]
[BlackFideId "13301578"]
[EventDate "2013.12.19"]

1. d4 Nf6 2. c4 e6 3. g3 d5 4. Nf3 Bb4+ 5. Bd2 Be7 6. Bg2 O-O 7. O-O Nbd7 8. Qc2
c6 9. Rd1 b6 10. Bf4 Ba6 11. Ne5 Rc8 12. Nc3 Bxc4 13. Nxc4 dxc4 14. e4 b5 15. a4
a6 16. axb5 axb5 17. d5 cxd5 18. exd5 e5 19. d6 exf4 20. Nxb5 Rc5 21. Qe2 Re8
22. dxe7 Rxe7 23. Ra8 Qxa8 24. Qxe7 f3 25. Nd6 fxg2 26. Qxf7+ Kh8 27. Qe6 Ne5
28. f4 Nf3+ 29. Kf2 Rc7 0-1

[Event "Al-Ain Classic Open A 2013"]
[Site "Al-Ain UAE"]
[Date "2013.12.23"]
[Round "5.14"]
[White "Kovalev, Vladislav"]
[Black "Drazic, Sinisa"]
[Result "0-1"]
[WhiteTitle "GM"]
[BlackTitle "GM"]
[WhiteElo "2574"]
[BlackElo "2441"]
[WhiteFideId "13504398"]
[BlackFideId "901172"]
[EventDate "2013.12.19"]

1. e4 e6 2. d4 d5 3. Nd2 dxe4 4. Nxe4 Bd7 5. Nf3 Bc6 6. Bd3 Nd7 7. Qe2 Ngf6 8.
Ng3 Be7 9. O-O Bxf3 10. Qxf3 c6 11. c4 O-O 12. b3 a5 13. Rb1 Re8 14. Be3 Bf8 15.
Rfd1 Qc7 16. Bc2 Rac8 17. Ne2 g6 18. h3 Bg7 19. g4 h6 20. Nc3 b5 21. Rd2 bxc4
22. bxc4 e5 23. Rbd1 exd4 24. Rxd4 Re6 25. Qf4 Qb7 26. c5 Rce8 27. Ne4 Qb2 28.
Nd6 Qxc2 29. Nxe8 Rxe8 30. R1d2 Qc3 31. Rxd7 Nxd7 32. Rxd7 Qa1+ 33. Kg2 Qxa2 34.
Qf3 a4 35. Rd2 Qe6 36. Rd6 Qc8 37. Qxc6 Qxc6+ 38. Rxc6 Ra8 39. Rb6 a3 40. c6 Be5 0-1

[Event "Al-Ain Classic Open A 2013"]
[Site "Al-Ain UAE"]
[Date "2013.12.23"]
[Round "5.15"]
[White "Tunik, Gennady"]
[Black "Ghaem Maghami, Ehsan"]
[Result "1/2-1/2"]
[WhiteTitle "GM"]
[BlackTitle "GM"]
[WhiteElo "2416"]
[BlackElo "2560"]
[WhiteFideId "4101219"]
[BlackFideId "12500739"]
[EventDate "2013.12.19"]

1. d4 Nf6 2. c4 e6 3. Nf3 Bb4+ 4. Bd2 Bxd2+ 5. Qxd2 d5 6. e3 O-O 7. Nc3 Qe7 8.
Bd3 Rd8 9. cxd5 exd5 10. h3 b6 11. O-O Bb7 12. Rfe1 Nbd7 13. Qc2 c5 14. Rad1 g6
15. dxc5 bxc5 16. Qa4 Nb6 17. Qh4 Kg7 18. a3 Rac8 19. Bf1 a6 20. Rc1 Re8 21. b4
Nh5 22. Qg4 f5 23. Qh4 Qxh4 24. Nxh4 cxb4 25. axb4 d4 26. exd4 Rxe1 27. Rxe1 Kf6
28. Ne2 Nd5 29. Rb1 Ndf4 30. Nxf4 Nxf4 31. g3 Ne6 32. d5 Nc7 33. d6 Nb5 34. d7
Rd8 35. Rd1 Ke7 36. f4 Rxd7 37. Rxd7+ Kxd7 38. Bc4 Nd6 39. Bg8 Ne4 40. Bxh7 Nxg3
41. Bxg6 Ne2+ 42. Kf2 Nxf4 43. Bxf5+ Kc6 44. Ng6 Nxh3+ 45. Bxh3 Kb5 1/2-1/2

[Event "Al-Ain Classic Open A 2013"]
[Site "Al-Ain UAE"]
[Date "2013.12.23"]
[Round "5.16"]
[White "Baryshpolets, Andrey"]
[Black "Guliev, Sarhan"]
[Result "1-0"]
[WhiteTitle "GM"]
[BlackTitle "GM"]
[WhiteElo "2557"]
[BlackElo "2430"]
[WhiteFideId "14117207"]
[BlackFideId "13400231"]
[EventDate "2013.12.19"]

1. d4 d5 2. c4 e6 3. Nf3 c5 4. cxd5 exd5 5. Nc3 Nf6 6. Bg5 cxd4 7. Bxf6 Qxf6 8.
Nxd5 Qd8 9. Qxd4 Nc6 10. Qe4+ Be6 11. Nc3 Qb6 12. Rb1 O-O-O 13. e3 g6 14. Qc2
Nb4 15. Qa4 Nxa2 16. Nxa2 Bb3 17. Qb5 Qxb5 18. Bxb5 Bxa2 19. Ra1 Bb3 20. Nd4 Bd5
21. Rxa7 Kb8 22. Ra4 Bxg2 23. Rg1 Bd5 24. Ke2 Bc5 25. Rd1 h5 26. Rc1 Bd6 27. f4
Rc8 28. Rca1 Rhd8 29. Ra8+ Kc7 30. Rc1+ Bc6 31. Rxc8+ Rxc8 32. Nxc6 Kb6 33. Rd1
bxc6 34. Bc4 Kc7 35. Bxf7 g5 36. fxg5 Bxh2 37. Rh1 Be5 38. b3 Rb8 39. Kd3 Kd6
40. Ke4 Bb2 41. Rxh5 Rh8 42. Rh6+ Rxh6 43. gxh6 c5 44. h7 Ba1 45. Kd3 Bh8 46.
Kc4 Bb2 47. Kb5 1-0

[Event "Al-Ain Classic Open A 2013"]
[Site "Al-Ain UAE"]
[Date "2013.12.23"]
[Round "5.17"]
[White "Abdulov, Orkhan"]
[Black "Geller, Jakov"]
[Result "1/2-1/2"]
[WhiteTitle "IM"]
[BlackTitle "GM"]
[WhiteElo "2356"]
[BlackElo "2542"]
[WhiteFideId "13402714"]
[BlackFideId "4151984"]
[EventDate "2013.12.19"]

1. e4 c5 2. Nf3 e6 3. d4 cxd4 4. Nxd4 a6 5. Bd3 Nf6 6. O-O Qc7 7. Qe2 Bd6 8. Kh1
Nc6 9. Nxc6 dxc6 10. f4 e5 11. Nd2 b5 12. f5 Bb7 13. c4 Rd8 14. cxb5 cxb5 15. a4
O-O 16. axb5 axb5 17. Nb3 Be7 18. Bg5 Qd6 19. Bxf6 Bxf6 20. Bxb5 Qb4 21. Bc4 Bg5
22. Rf3 Rd6 23. Rc3 Rfd8 24. Qh5 Bf4 25. Qxf7+ Kh8 26. Bd5 Qxe4 27. Rc7 Qxg2+
28. Kxg2 Bxd5+ 29. Qxd5 Rxd5 30. Raa7 Rb5 31. Rxg7 Rg8 32. Rxg8+ Kxg8 33. Na5 e4
34. Nc4 Rb4 35. b3 Rxb3 36. Re7 Rb5 37. f6 Rg5+ 38. Kh1 Rh5 39. Rxe4 1/2-1/2

[Event "Al-Ain Classic Open A 2013"]
[Site "Al-Ain UAE"]
[Date "2013.12.23"]
[Round "5.18"]
[White "Shyam, Sundar M."]
[Black "Karavade, Eesha"]
[Result "1/2-1/2"]
[WhiteTitle "GM"]
[BlackTitle "IM"]
[WhiteElo "2534"]
[BlackElo "2380"]
[WhiteFideId "5019141"]
[BlackFideId "5012600"]
[EventDate "2013.12.19"]

1. e4 e5 2. Nc3 Nc6 3. g3 Bc5 4. Bg2 Nf6 5. d3 a6 6. h3 d6 7. Nge2 Nd4 8. O-O
Be6 9. Nxd4 Bxd4 10. Be3 Bxe3 11. fxe3 h5 12. d4 h4 13. g4 Nh7 14. a4 Ng5 15. a5
Qe7 16. Qe2 g6 17. b4 1/2-1/2